| 000 | 02223cam a22004814i 4500 | ||
|---|---|---|---|
| 003 | PE-LiUPU | ||
| 005 | 20250731165359.0 | ||
| 008 | 150922s2010 pe grm 000 0 spa d | ||
| 035 | _a(Sirsi) a154514 | ||
| 040 |
_aPE-LiUPU _bspa _cPE-LiUPU _erda |
||
| 082 | 0 | 4 |
_a378.17 _bC81 3 |
| 099 |
_aTE 3 _bC81 2010 |
||
| 100 | 1 |
_aCotacallapa Vilca David _eautor |
|
| 245 | 1 |
_aEstilos de aprendizaje y actitudes hacia la investigación en los estudiantes de enfermería de la Universidad Nacional Hermilio Valdizan de Huanuco, 2009 / _cDavid Cotacallapa Vilca. |
|
| 264 | 0 | _c2010. | |
| 300 |
_a106 hojas _c30 cm |
||
| 336 |
_atext _2rdacontent |
||
| 337 |
_aunmediated _2rdamedia |
||
| 338 |
_avolume _2rdacarrier |
||
| 502 |
_aTesis _b(Mg.) -- _cUniversidad Peruana Unión, _d2010. |
||
| 504 | _aIncluye referencias | ||
| 520 | 3 | _aSe plantea el estudio sobre estilos de aprendizaje y actitudes hacia la investigación en los estudiantes de Enfermería de la Universidad Nacional Herminio Balizan de Huánuco, 2009; con el objetivo de determinar la relación de los estilos de aprendizaje y las actitudes hacia la investigación. La hipótesis esboza que los estilos de aprendizaje y las actitudes hacia investigación se relacionan en forma moderada. El diseño de la investigación es no experimental de tipo transeccional descriptivo. La población estuvo constituida por 460 alumnos y la muestra por 229 alumnos, del primero a quinto año, matriculados en el año 2009 de la Facultad de Enfermería. | |
| 526 | _aSEG44 | ||
| 526 | _aSEG26 | ||
| 526 | _aP151 | ||
| 526 | _aP150 | ||
| 526 | _aP149 | ||
| 526 | _aP146 | ||
| 526 | _aP145 | ||
| 526 | _aP126 | ||
| 526 | _aP125 | ||
| 526 | _aP92 | ||
| 526 | _aP75 | ||
| 526 | _aP74 | ||
| 526 | _aP27 | ||
| 526 | _aP15 | ||
| 650 | 0 | 4 |
_aEstudiantes universitarios _xMétodos de estudio _vTesis. |
| 610 | 2 |
_aUniversidad Nacional Hermilio Valdizán _zHuánuco (Perú) _vTesis. |
|
| 650 | 0 | 4 |
_aEstudiantes universitarios _xInvestigación _vTesis. |
| 596 | _a1 | ||
| 942 |
_2ddc _cTESIS |
||
| 999 |
_aTE 3 C81 2010 _wALPHANUM _c7215 _iT01683 _d7215 _lCCODEBUL3 _mBUL _q1 _r1 _sY _tTESIS _u2015-9-22 _xPOSGRADO _PP57 _o.STAFF. Tesis |
||
| 980 |
_81 _gALBERTO SANCHEZ Responsable de Automatización |
||